Name countries have won the World Cup - Statistics

General Stats
  • This quiz has been taken 37 times
  • The average score is 7 of 8
Answer Stats
World Cups Countries % Correct
5 brazil
100%
3 argentina
97%
4 germany
97%
1 spain
97%
2 france
94%
1 england
88%
4 italy
88%
2 uruguay
85%
No matching quizzes found
Score Distribution
Percent of People with Each Score
Percentile by Number Answered
Your Score History
You have not taken this quiz